| 000 | 00472nam a2200169 a 4500 | ||
|---|---|---|---|
| 005 | 20140414132120.0 | ||
| 008 | 121022s19uu xx 00 eng d | ||
| 020 | _a9831915976 | ||
| 050 |
_aBB _bMy995 2005 |
||
| 245 | _aMy big book of ABC animals. | ||
| 260 |
_aKuala Lumpur, Malaysia : _bKohwai & Young, _c2005. |
||
| 300 | _a16 | ||
| 500 | _aIncludes 139 animals. | ||
| 650 |
_aAnimals-mammal. _xAnimals-reptiles. |
||
| 650 | _aAnimals-amphibians. | ||
| 999 |
_c115038 _d115038 |
||